000 00445nam a2200181Ia 4500
001 20419
005 20260306172805.0
008 260306t2013||||xx |||||||||||||| ||spa||
041 _aESP
082 _a343.2J
_bE386 T. 1
100 _aEto Cruz, Gerardo
_eAUT
245 0 _aTreinta años de jurisdicción constitucional en el Perú
260 _c2013
300 _a
_c25 cm.
650 _aGEN
654 _aCDE
942 _cLIB
_dJUS
_fJUS
_2ddc
_n
999 _c20419
_d20419